Control de gestión

Αποθηκεύτηκε σε:
Λεπτομέρειες βιβλιογραφικής εγγραφής
Κύριος συγγραφέας: Jiménez Bermejo, Patricio (autor)
Μορφή: Βιβλίο
Γλώσσα:Ισπανικά
Έκδοση: Santiago LexisNexis 2001
Έκδοση:2a. ed
Θέματα:
Ετικέτες: Προσθήκη ετικέτας
Δεν υπάρχουν, Καταχωρήστε ετικέτα πρώτοι!

MARC

LEADER 00000nam a2200000 a 4500
001 UCL7193
003 CL-VaPUC
008 040507e20010100CL |||||||||||||||||spa|d
020 |a 9562380971 
082 0 4 |a 658.401  |b JIM  |2 21 
100 |a Jiménez Bermejo, Patricio  |e autor  |9 485010 
245 1 0 |a Control de gestión 
250 |a 2a. ed 
300 |a 552 p 
942 |c BK 
945 |d 20040507 00:00:00  |a cmena 
260 |a Santiago  |b LexisNexis  |c 2001 
650 0 |a Control de gestión  |9 345692 
650 0 |a Administración de empresas   |9 260833 
650 7 |a PRESUPUESTO Y PLANIFICACION  |2 CL-VaPUC  |9 485011 
650 0 |a Planificación estratégica   |9 259735 
583 |a last modification  |c 20040507 00:00:00  |k Rodrigo Vera 
999 |c 309045  |d 309043 
952 |0 0  |1 0  |4 0  |6 658_401000000000000_JIM_2001  |7 0  |8 R  |9 376140  |a BIBGIM  |b BIBGIM  |d 2019-11-21  |i 4012704  |o 658.401 JIM 2001  |p 4012704  |r 2025-01-15  |w 2019-11-21  |y BK_R  |k COM 
952 |0 0  |1 0  |4 0  |6 658_401000000000000_JIM_2001  |7 0  |8 A  |9 376141  |a BIBDER  |b BIBDER  |d 2019-11-21  |i 4091469  |o 658.401 JIM 2001  |p 4091469  |r 2023-01-25  |w 2019-11-21  |y BK  |k DER 
952 |0 0  |1 0  |4 0  |6 658_401000000000000_JIM_2001  |7 0  |8 R  |9 376142  |a BIBGIM  |b BIBGIM  |d 2019-11-21  |i 421627K  |o 658.401 JIM 2001  |p 421627K  |r 2025-01-15  |w 2019-11-21  |y BK_R  |k COM